000 00912nam0a22002771 4500
001 rc\4409967
005 20250612074225.0
021 _aRU
_b[62-84563]
035 _a(NLR Aleph) 008563727
090 _a8481942
_c8481942
100 _a20130416d1962 |||y0rusy50 ca
101 0 _arus
102 _aRU
105 _ay z |||||
200 1 _aТехпромфинплан судоремонтного предприятия
210 _aМосква
_cРечной транспорт
_d1962
215 _a238 с.
_d22
320 _aБиблиогр.: с. 234
606 _aСудоремонтные предприятия
_xПланирование
_2psbo
700 1 _aДукор
_bЗ.Г.
_gЗахар Григорьевич
701 1 _aЧертков
_bХ.А.
_gХаим Айзикович
801 0 _aRU
_bNLR
_gpsbo
801 1 _aRU
_bELAR
_2rusmarc
852 _aNLR
_j62-5/5581
942 _cBOOK
980 _aNB